|
|
|
|
| LEADER |
01009nta a2200241 i 4500 |
| 001 |
dokt422 |
| 005 |
20190702144059.0 |
| 008 |
100510s2006 hu om 0|| hun d |
| 024 |
7 |
|
|a 3148502
|2 mtmt
|
| 040 |
|
|
|a SZTE Doktori Repozitórium
|b hun
|
| 041 |
|
|
|a hun
|
| 100 |
1 |
|
|a Péti Márton
|
| 245 |
1 |
2 |
|a A fenntarthatóság elvére épülő területi tervezés
|h [elektronikus dokumentum] /
|c Péti Márton
|
| 246 |
1 |
0 |
|a A spatial planning system based on the principle of sustainability
|h [elektronikus dokumentum]
|
| 260 |
|
|
|c 2006
|
| 502 |
|
|
|a Disszertacio
|
| 650 |
|
4 |
|a földtudományok
|
| 650 |
|
4 |
|a Föld- és kapcsolódó környezettudományok
|
| 700 |
0 |
1 |
|a Mezősi Gábor
|e ths
|
| 700 |
0 |
1 |
|a Rakonczai János
|e ths
|
| 856 |
4 |
0 |
|u https://doktori.bibl.u-szeged.hu/id/eprint/422/3/de_3378.pdf
|z Dokumentum-elérés
|
| 856 |
4 |
0 |
|u https://doktori.bibl.u-szeged.hu/id/eprint/422/1/tz_eredeti3378.pdf
|z Dokumentum-elérés
|
| 856 |
4 |
0 |
|u https://doktori.bibl.u-szeged.hu/id/eprint/422/2/tz_en3378.pdf
|z Dokumentum-elérés
|